ANTON CHEKHOV : COLLECTED WORKS VOL. 1 (Record no. 373219)

MARC details
000 -LEADER
fixed length control field 00417nam a2200145Ia 4500
008 - FIXED-LENGTH DATA ELEMENTS--GENERAL INFORMATION
fixed length control field 100122s9999 xx 000 0 und d
082 ## - DEWEY DECIMAL CLASSIFICATION NUMBER
Item number 43805
Classification number 823.08
100 ## - MAIN ENTRY--PERSONAL NAME
Personal name CHEKHOV ANTON
245 ## - TITLE STATEMENT
Title ANTON CHEKHOV : COLLECTED WORKS VOL. 1
260 ## - PUBLICATION, DISTRIBUTION, ETC. (IMPRINT)
Name of publisher, distributor, etc RADUGA PUBLICATION
Date of publication, distribution, etc 1987
300 ## - PHYSICAL DESCRIPTION
Extent 525
630 ## - SUBJECT ADDED ENTRY--UNIFORM TITLE
Uniform title ANTON CHEKHOV : COLLECTED WORKS VOL. 1
730 ## - ADDED ENTRY--UNIFORM TITLE
Uniform title ANTON CHEKHOV : COLLECTED WORKS VOL. 1
942 ## - ADDED ENTRY ELEMENTS (KOHA)
Koha item type Book
Holdings
Withdrawn status Lost status Damaged status Not for loan Home library Current library Date acquired Cost, normal purchase price Total Checkouts Full call number Barcode Date last seen Cost, replacement price Price effective from Koha item type Public note
        S.V. Pathak Library, Vile Parle S.V. Pathak Library, Vile Parle 04/27/1990 24.00   43805 SVPPARLE-43805 01/25/2010 24.00 01/25/2010 Book ", , General, NA"